Public employee market power and the level of government spending (Registro nro. 27963)

Detalles MARC
000 -LEADER
fixed length control field 00432 a2200133 4500
001 - CONTROL NUMBER
control field ART_17719
005 - DATE AND TIME OF LATEST TRANSACTION
control field 20260410161924.0
008 - FIXED-LENGTH DATA ELEMENTS--GENERAL INFORMATION
fixed length control field 260409a
100 1# - MAIN ENTRY--PERSONAL NAME
Personal name Courant, Paul N.
245 10 - TITLE STATEMENT
Title Public employee market power and the level of government spending
700 1# - ADDED ENTRY--PERSONAL NAME
Personal name Gramlich, Edward M.
700 1# - ADDED ENTRY--PERSONAL NAME
Personal name Rubinfeld, Daniel L.
773 0# - HOST ITEM ENTRY
Title The American Economic Review
Related parts - Vol. 69, Nº 5 (dic. 1979)
Record control number REV16190

No hay ítems disponibles.